<?xml version="1.0" encoding="UTF-8"?>
<record
    xmlns:xsi="http://www.w3.org/2001/XMLSchema-instance"
    xsi:schemaLocation="http://www.loc.gov/MARC21/slim http://www.loc.gov/standards/marcxml/schema/MARC21slim.xsd"
    xmlns="http://www.loc.gov/MARC21/slim">

  <leader>00999nam a22002777a 4500</leader>
  <controlfield tag="005">20170123162346.0</controlfield>
  <datafield tag="010" ind1=" " ind2=" ">
    <subfield code="a">A-603617</subfield>
  </datafield>
  <datafield tag="020" ind1=" " ind2=" ">
    <subfield code="c">45.00</subfield>
  </datafield>
  <datafield tag="035" ind1=" " ind2=" ">
    <subfield code="a">A-603617</subfield>
  </datafield>
  <datafield tag="037" ind1=" " ind2=" ">
    <subfield code="b">Cen Lib/Ret</subfield>
  </datafield>
  <datafield tag="040" ind1=" " ind2=" ">
    <subfield code="a">DPL</subfield>
    <subfield code="b">UR</subfield>
  </datafield>
  <datafield tag="082" ind1=" " ind2=" ">
    <subfield code="a">907.202</subfield>
    <subfield code="b">&#x645; &#x62D; &#x628; </subfield>
  </datafield>
  <datafield tag="100" ind1=" " ind2=" ">
    <subfield code="a">&#x645;&#x62D;&#x628; &#x627;&#x644;&#x62D;&#x633;&#x646; </subfield>
    <subfield code="9">460</subfield>
  </datafield>
  <datafield tag="245" ind1=" " ind2=" ">
    <subfield code="a">&#x6C1;&#x62F;&#x633;&#x62A;&#x627;&#x646;&#x6CC;  &#x62F;&#x648;&#x631; &#x648;&#x627;&#x633;&#x637;&#x6C1; &#x6A9;&#x6D2; &#x645;&#x648;&#x631;&#x62E;&#x6CC;&#x6BA; /</subfield>
    <subfield code="c">&#x645;&#x62D;&#x628; &#x627;&#x644;&#x62D;&#x633;&#x646; &#x61B; &#x645;&#x631;&#x62A;&#x62C;&#x645; &#x645;&#x633;&#x631;&#x648;&#x631;&#x6C1;&#x627;&#x634;&#x645;&#x6CC; &#x6CC; </subfield>
  </datafield>
  <datafield tag="246" ind1=" " ind2=" ">
    <subfield code="a">Hindustani daur-e-wasta ke mawarkhin /</subfield>
    <subfield code="b">by Muhibul Hasan </subfield>
  </datafield>
  <datafield tag="260" ind1=" " ind2=" ">
    <subfield code="a">&#x646;&#x6CC;&#x6CC; &#x62F;&#x6C1;&#x644;&#x6CC; </subfield>
    <subfield code="b">&#x62A;&#x631;&#x642;&#x6CC; &#x627;&#x631;&#x62F;&#x648; &#x628;&#x6CC;&#x648;&#x631;&#x648; </subfield>
    <subfield code="c">1985</subfield>
  </datafield>
  <datafield tag="270" ind1=" " ind2=" ">
    <subfield code="b">&#x646;&#x6CC;&#x6CC; &#x62F;&#x6C1;&#x644;&#x6CC; </subfield>
    <subfield code="a">&#x648;&#x6CC;&#x633;&#x679; &#x628;&#x644;&#x627;&#x6A9; &#x668;&#x60C; &#x627;&#x631;.&#x6A9;&#x6D2;. &#x67E;&#x631;&#x645; </subfield>
    <subfield code="e">110066</subfield>
  </datafield>
  <datafield tag="300" ind1=" " ind2=" ">
    <subfield code="a">478p.</subfield>
    <subfield code="c">19cm(Hb)</subfield>
  </datafield>
  <datafield tag="500" ind1=" " ind2=" ">
    <subfield code="a">&#x62D;&#x648;&#x627;&#x644;&#x6C1; &#x62C;&#x627;&#x62A; </subfield>
  </datafield>
  <datafield tag="650" ind1=" " ind2=" ">
    <subfield code="a"> &#x62A;&#x627;&#x631;&#x6CC;&#x62E; - &#x628;&#x6BE;&#x627;&#x631;&#x62A;</subfield>
    <subfield code="9">400</subfield>
  </datafield>
  <datafield tag="650" ind1=" " ind2=" ">
    <subfield code="a"> &#x6C1;&#x646;&#x62F;&#x648;&#x633;&#x62A;&#x627;&#x646;&#x6CC; &#x62F;&#x648;&#x631;</subfield>
    <subfield code="9">84677</subfield>
  </datafield>
  <datafield tag="650" ind1=" " ind2=" ">
    <subfield code="a">History -- India</subfield>
    <subfield code="9">131292</subfield>
  </datafield>
  <datafield tag="650" ind1=" " ind2=" ">
    <subfield code="a">Hindustani Daur</subfield>
    <subfield code="9">131293</subfield>
  </datafield>
  <datafield tag="700" ind1=" " ind2=" ">
    <subfield code="a">&#x6C1;&#x627;&#x634;&#x645;&#x6CC;&#x60C; &#x645;&#x633;&#x631;&#x648;&#x631; </subfield>
    <subfield code="9">131294</subfield>
  </datafield>
  <datafield tag="942" ind1=" " ind2=" ">
    <subfield code="2">ddc</subfield>
    <subfield code="c">UR</subfield>
    <subfield code="h">907.202</subfield>
    <subfield code="m">&#x645; &#x62D; &#x628; </subfield>
  </datafield>
  <datafield tag="999" ind1=" " ind2=" ">
    <subfield code="c">108859</subfield>
    <subfield code="d">108859</subfield>
  </datafield>
  <datafield tag="952" ind1=" " ind2=" ">
    <subfield code="0">0</subfield>
    <subfield code="1">0</subfield>
    <subfield code="4">0</subfield>
    <subfield code="7">0</subfield>
    <subfield code="a">L</subfield>
    <subfield code="b">L</subfield>
    <subfield code="d">2016-02-08</subfield>
    <subfield code="e">Cen Lib/Ret</subfield>
    <subfield code="g">45.00</subfield>
    <subfield code="l">0</subfield>
    <subfield code="o">907.202 &#x645; &#x62D; &#x628;</subfield>
    <subfield code="p">A-603617</subfield>
    <subfield code="r">2016-02-08 00:00:00</subfield>
    <subfield code="t">1</subfield>
    <subfield code="v">45.00</subfield>
    <subfield code="w">2016-02-08</subfield>
    <subfield code="y">UR</subfield>
  </datafield>
</record>
